[Event "Lienz op 21st"]
[Site "Lienz"]
[Date "2023.02.16"]
[Round "7"]
[White "Degenhard, Simon"]
[Black "Zanon, Magnus"]
[Result "1-0"]
[WhiteElo "2253"]
[BlackElo "2068"]
[PlyCount "85"]
[EventDate "2023.02.11"]
[EventType "swiss"]
[EventRounds "9"]
[EventCountry "AUT"]
[SourceTitle "CBM 212 Extra"]
[Source "ChessBase"]
[SourceDate "2023.03.31"]
[SourceVersion "1"]
[SourceVersionDate "2023.03.31"]
[SourceQuality "1"]

1. d4 e6 2. c4 d5 3. Nc3 Nf6 4. cxd5 exd5 5. Bg5 Be7 6. e3 0-0 7. Bd3 Nbd7 8. Qc2 Re8 9. Nf3 c6 10. 0-0-0 b5 11. Kb1 Qb6 12. h3 a5 13. g4 Nf8 14. Rhg1 Ba6 15. Ne5 Red8 16. Bh4 Ra7 17. f4 c5 18. g5 Ne8 19. dxc5 Qxc5 20. Bf2 Rc7 21. Qe2 b4 22. Na4 Bxd3+ 23. Qxd3 Qd6 24. Qb5 Bxg5 25. Rxg5 f6 26. Nc4 Qe6 27. Rgxd5 Qe4+ 28. Ka1 Rxd5 29. Qxd5+ Qxd5 30. Rxd5 Rxc4 31. Kb1 g6 32. Rxa5 Nd6 33. Nb6 Rc6 34. Nd5 Kh8 35. Nxb4 Rc4 36. Nd5 Ne4 37. Be1 Ne6 38. Nc3 Kg7 39. Ra7+ Kh6 40. Re7 N6c5 41. Nxe4 Nxe4 42. b3 Nc3+ 43. Kc2 1-0

[Event "Lienz op 21st"]
[Site "Lienz"]
[Date "2023.02.14"]
[Round "5"]
[White "Karsay, Pascal"]
[Black "Zanon, Magnus"]
[Result "1-0"]
[WhiteElo "2327"]
[BlackElo "2068"]
[PlyCount "91"]
[EventDate "2023.02.11"]
[EventType "swiss"]
[EventRounds "9"]
[EventCountry "AUT"]
[SourceTitle "CBM 212 Extra"]
[Source "ChessBase"]
[SourceDate "2023.03.31"]
[SourceVersion "1"]
[SourceVersionDate "2023.03.31"]
[SourceQuality "1"]

1. Nf3 f5 2. d3 Nc6 3. d4 e6 4. c4 Nf6 5. g3 Bb4+ 6. Nbd2 a5 7. Bg2 d5 8. 0-0 0-0 9. c5 Bxd2 10. Bxd2 Ne4 11. e3 Bd7 12. Ne1 Nxd2 13. Qxd2 Ne7 14. f4 Bb5 15. Rf2 Kh8 16. Nf3 Ng8 17. h3 Nf6 18. Qe1 Bd3 19. Ne5 Be4 20. g4 Nd7 21. Nxd7 Qxd7 22. Bxe4 fxe4 23. Qe2 b6 24. Rc1 Qc6 25. Qf1 b5 26. h4 g6 27. h5 gxh5 28. g5 Qe8 29. Qh3 c6 30. Rh2 Ra7 31. Rcc2 Rg7 32. Rcg2 Rf5 33. Rg3 Kg8 34. Qg2 Qg6 35. Rgh3 Qe8 36. Rxh5 Rff7 37. Rh6 Rf5 38. Kh1 Qf7 39. Qh3 b4 40. g6 Qe7 41. Rxh7 Rxh7 42. Qxh7+ Qxh7 43. gxh7+ Kh8 44. Rh6 e5 45. dxe5 d4 46. e6 1-0

[Event "Vienna Advent op"]
[Site "Vienna"]
[Date "2022.12.10"]
[Round "6"]
[White "Merei, David"]
[Black "Zanon, Magnus"]
[Result "0-1"]
[WhiteElo "1895"]
[BlackElo "2035"]
[PlyCount "104"]
[EventDate "2022.12.05"]
[EventType "tourn"]
[EventRounds "7"]
[EventCountry "AUT"]
[SourceTitle "CBM 211 Extra"]
[Source "ChessBase"]
[SourceDate "2023.01.31"]
[SourceVersion "1"]
[SourceVersionDate "2023.01.31"]
[SourceQuality "1"]

1. d4 f5 2. Nc3 Nf6 3. Bg5 g6 4. e3 Bg7 5. h4 h6 6. Bxf6 Bxf6 7. h5 g5 8. Qf3 e6 9. g4 fxg4 10. Qxg4 Qe7 11. Nge2 Nc6 12. 0-0-0 d5 13. Qg3 Qd6 14. f4 a6 15. Kb1 Bd7 16. e4 Be7 17. exd5 exd5 18. Bg2 0-0-0 19. Nxd5 Rhg8 20. Nxe7+ Nxe7 21. Qb3 c6 22. fxg5 Rxg5 23. Bh3 Kb8 24. Bxd7 Rxd7 25. Qf3 Nd5 26. Rdf1 Ka7 27. c4 Nc7 28. Qf6 Rg2 29. Qf3 Rdg7 30. c5 Qe7 31. Nf4 R2g3 32. Qd1 Qe4+ 33. Qc2 Qe7 34. Ng6 Qe3 35. Rd1 Qg5 36. Qd2 Qf5+ 37. Ka1 Nd5 38. Rdf1 Rf3 39. Re1 Rf2 40. Re2 Qf3 41. Rhe1 Rf1 42. Rxf1 Qxf1+ 43. Re1 Qf3 44. Qxh6 Rf7 45. Ne5 Qg3 46. Qc1 Rf2 47. a3 Rh2 48. Rh1 Nf4 49. Rxh2 Qxh2 50. h6 Ne2 51. Qd2 Qh1+ 52. Ka2 Nc1+ 0-1

[Event "Vienna Advent op"]
[Site "Vienna"]
[Date "2022.12.06"]
[Round "2"]
[White "Zhang, Michelle1111"]
[Black "Zanon, Magnus"]
[Result "1/2-1/2"]
[WhiteElo "1694"]
[BlackElo "2035"]
[PlyCount "120"]
[EventDate "2022.12.05"]
[EventType "tourn"]
[EventRounds "7"]
[EventCountry "AUT"]
[SourceTitle "CBM 211 Extra"]
[Source "ChessBase"]
[SourceDate "2023.01.31"]
[SourceVersion "1"]
[SourceVersionDate "2023.01.31"]
[SourceQuality "1"]

1. e4 e6 2. d4 d5 3. e5 c5 4. c3 Bd7 5. Nf3 Nc6 6. a3 c4 7. Be2 Na5 8. Nbd2 Ne7 9. 0-0 Nc8 10. Ne1 Nb6 11. a4 Qc7 12. f4 Be7 13. g4 g6 14. Ng2 Qc6 15. Ne3 Nxa4 16. Kh1 b5 17. Qc2 a6 18. f5 Bg5 19. Nf3 Nb3 20. Nxg5 Nxa1 21. Qb1 Nb3 22. fxg6 fxg6 23. Nxh7 0-0-0 24. Nf6 Rh3 25. Bd1 Rdh8 26. Rf2 Nxc1 27. Qxc1 Nb6 28. Bc2 Be8 29. Nf1 b4 30. cxb4 Kb8 31. Qg5 Nc8 32. Nxe8 Qxe8 33. Qxg6 Qc6 34. Rf6 Qb6 35. Rf4 Qxb4 36. Qxe6 Qe1 37. Kg2 R3h6 38. Qxd5 Qe2+ 39. Rf2 Qxg4+ 40. Kh1 Rg8 41. Rg2 Qxg2+ 42. Qxg2 Rxg2 43. Kxg2 Rb6 44. Ne3 Rxb2 45. Kf3 c3 46. Ke4 Rb6 47. Kd3 Rh6 48. Kxc3 Rh3 49. Kd3 Ne7 50. Ke4 Rh4+ 51. Kd3 Nc6 52. Nf5 Rxh2 53. Ba4 Nd8 54. Bb3 Rh3+ 55. Kc4 Nb7 56. e6 Na5+ 57. Kb4 Nxb3 58. e7 Rh8 59. Kxb3 Kc7 60. Ng7 Kd7 1/2-1/2

[Event "AUT-ch"]
[Site "Vienna"]
[Date "2018.07.25"]
[Round "5"]
[White "Berger, Tobias"]
[Black "Zanon, Magnus"]
[Result "0-1"]
[WhiteElo "1957"]
[BlackElo "2022"]
[PlyCount "146"]
[EventDate "2018.07.22"]
[EventType "swiss"]
[EventRounds "9"]
[EventCountry "AUT"]
[SourceTitle "CBM 185 Extra"]
[Source "ChessBase"]
[SourceDate "2018.07.29"]
[SourceVersion "1"]
[SourceVersionDate "2018.07.29"]
[SourceQuality "1"]

1. d4 f5 2. c4 Nf6 3. h4 d6 4. Nc3 e6 5. Bf4 Qe7 6. Nf3 g6 7. Qd2 Bd7 8. Bg5 h6 9. Bxf6 Qxf6 10. e4 Bg7 11. 0-0-0 Nc6 12. exf5 exf5 13. Nd5 Qf8 14. Re1+ Kf7 15. c5 Bf6 16. Bc4 Kg7 17. h5 g5 18. g4 b6 19. Nxf6 Qxf6 20. gxf5 Rae8 21. d5 Ne7 22. Nd4 Nxf5 23. Nxf5+ Bxf5 24. Bd3 bxc5 25. Qc2 Bxd3 26. Qxd3 Rb8 27. Re2 Rhf8 28. Rhe1 Rf7 29. Kb1 Rb4 30. Qc2 Rf4 31. Re6 Qf5 32. Rg6+ Kf8 33. Rxh6 Qxc2+ 34. Kxc2 Rxf2+ 35. Kc1 Rh2 36. Rh8+ Kg7 37. Ra8 Rxh5 38. Rxa7 g4 39. Ra3 Rxd5 40. Rg3 Rd4 41. Reg1 Rff4 42. b3 Kf6 43. a4 c4 44. a5 cxb3 45. Kb2 Ra4 46. Kxb3 Rxa5 47. Rxg4 Rxg4 48. Rxg4 Rc5 49. Re4 Re5 50. Rh4 Ke6 51. Kc4 Kd7 52. Rh7+ Kc6 53. Kd4 Rg5 54. Rf7 Rg4+ 55. Kd3 d5 56. Rh7 Kb6 57. Rd7 c6 58. Rh7 Kc5 59. Ra7 Rg3+ 60. Kd2 d4 61. Ra4 Kd5 62. Ra6 c5 63. Ra5 Rh3 64. Ra8 Rh2+ 65. Kc1 c4 66. Rg8 d3 67. Rg3 Kd4 68. Rg4+ Kc3 69. Rg1 Re2 70. Rh1 d2+ 71. Kd1 Re1+ 72. Rxe1 dxe1Q+ 73. Kxe1 Kb2 0-1

[Event "AUT-ch"]
[Site "Vienna"]
[Date "2018.07.24"]
[Round "4"]
[White "Zanon, Magnus"]
[Black "Morgunov, Marc"]
[Result "0-1"]
[WhiteElo "2022"]
[BlackElo "2362"]
[PlyCount "54"]
[EventDate "2018.07.22"]
[EventType "swiss"]
[EventRounds "9"]
[EventCountry "AUT"]
[SourceTitle "CBM 185 Extra"]
[Source "ChessBase"]
[SourceDate "2018.07.29"]
[SourceVersion "1"]
[SourceVersionDate "2018.07.29"]
[SourceQuality "1"]

1. d4 Nf6 2. Bg5 Ne4 3. Bf4 d5 4. e3 Nd7 5. Bd3 g5 6. Bxe4 gxf4 7. Bxd5 fxe3 8. Bxf7+ Kxf7 9. Qh5+ Kg8 10. Qd5+ e6 11. Qxe6+ Kg7 12. Qg4+ Kh6 13. fxe3 Rg8 14. Qf4+ Kg7 15. Nd2 Bd6 16. Qf2 Nf6 17. 0-0-0 Qe7 18. Re1 Ne4 19. Nxe4 Qxe4 20. Nf3 Rf8 21. Qh4 Qxh4 22. Nxh4 Bg4 23. h3 Bd7 24. Nf3 Rae8 25. e4 Bg3 26. Re3 Bf4 27. Kd2 Rxe4 0-1

[Event "AUT-ch"]
[Site "Vienna"]
[Date "2018.07.23"]
[Round "3"]
[White "Busuioc, Alexandra"]
[Black "Zanon, Magnus"]
[Result "0-1"]
[WhiteElo "1966"]
[BlackElo "2022"]
[PlyCount "150"]
[EventDate "2018.07.22"]
[EventType "swiss"]
[EventRounds "9"]
[EventCountry "AUT"]
[SourceTitle "CBM 185 Extra"]
[Source "ChessBase"]
[SourceDate "2018.07.29"]
[SourceVersion "1"]
[SourceVersionDate "2018.07.29"]
[SourceQuality "1"]

1. e4 e6 2. d4 d5 3. Nc3 Nf6 4. e5 Nfd7 5. f4 a6 6. Nf3 c5 7. Be3 Be7 8. Be2 Nc6 9. Qd2 0-0 10. 0-0 b6 11. Nd1 f6 12. c3 Qe8 13. Nf2 b5 14. Rac1 Na5 15. b3 Nc6 16. Nd3 c4 17. bxc4 dxc4 18. Nb2 Nb6 19. exf6 Rxf6 20. Ne5 Nd5 21. Bf3 Ba3 22. Rce1 Nce7 23. g3 Bb7 24. Nd1 Rc8 25. Ng4 Rf8 26. Bf2 Qd7 27. Ne5 Qd6 28. Ne3 Nxe3 29. Rxe3 Bxf3 30. Nxf3 Nd5 31. Re5 b4 32. cxb4 c3 33. Qc2 Nxb4 34. Qb3 Bb2 35. Rxe6 Qd5 36. Qxb4 Qxe6 37. Re1 Qc4 38. Qxc4+ Rxc4 39. Ne5 Rcc8 40. Be3 c2 41. Nd3 Rfe8 42. Nxb2 Rxe3 43. Rc1 Ra3 44. Kf2 Rxa2 45. Nd3 a5 46. Ke3 Ra4 47. d5 Kf8 48. d6 Rd8 49. Rxc2 Rxd6 50. Rc8+ Ke7 51. Ne5 Ra6 52. Rc7+ Kd8 53. Rxg7 Ra1 54. Rxh7 a4 55. Rh8+ Ke7 56. Rh7+ Kf8 57. Nc4 Rc1 58. Rc7 a3 59. Rc8+ Kg7 60. Kd2 Rxc4 61. Rxc4 a2 62. Rc1 a1Q 63. Rxa1 Rxa1 64. Ke3 Rh1 65. h4 Kf6 66. Kf3 Kg6 67. Kg4 Rf1 68. Kh3 Kf5 69. Kg2 Ra1 70. Kh3 Ra3 71. h5 Ra1 72. Kg2 Kg4 73. h6 Ra6 74. h7 Rh6 75. f5 Rxh7 0-1

[Event "AUT-ch"]
[Site "Vienna"]
[Date "2018.07.23"]
[Round "2"]
[White "Zanon, Magnus"]
[Black "Toelly, Michael"]
[Result "0-1"]
[WhiteElo "2022"]
[BlackElo "2127"]
[PlyCount "74"]
[EventDate "2018.07.22"]
[EventType "swiss"]
[EventRounds "9"]
[EventCountry "AUT"]
[SourceTitle "CBM 185 Extra"]
[Source "ChessBase"]
[SourceDate "2018.07.29"]
[SourceVersion "1"]
[SourceVersionDate "2018.07.29"]
[SourceQuality "1"]

1. d4 Nf6 2. Bg5 d5 3. e3 c6 4. Nd2 Nbd7 5. Ngf3 g6 6. Bd3 Bg7 7. 0-0 0-0 8. Re1 Re8 9. e4 dxe4 10. Nxe4 Nxe4 11. Bxe4 Nf6 12. Bd3 Bg4 13. c3 Qb6 14. h3 Bxf3 15. Qxf3 Qxb2 16. Bc4 Qa3 17. Rab1 b5 18. Bb3 Qd6 19. g4 Rac8 20. Bf4 Qd7 21. a4 e6 22. Rec1 a6 23. Bg3 Nd5 24. c4 Nb6 25. axb5 cxb5 26. d5 bxc4 27. dxe6 Rxe6 28. Ba2 Qa4 29. Qb7 Rce8 30. Rxb6 Qxa2 31. Rxe6 Rxe6 32. Qc8+ Bf8 33. Rxc4 Re1+ 34. Kg2 Qe2 35. Qc6 Qf1+ 36. Kf3 g5 37. Bh2 Qxh3+ 0-1

[Event "Feffernitz op 26th"]
[Site "Feffernitz"]
[Date "2017.08.21"]
[Round "3"]
[White "Babic, Dragan"]
[Black "Zanon, Magnus"]
[Result "0-1"]
[WhiteElo "1844"]
[BlackElo "2009"]
[PlyCount "68"]
[EventDate "2017.08.20"]
[EventType "swiss"]
[EventRounds "9"]
[EventCountry "AUT"]
[SourceTitle "CBM 180 Extra"]
[Source "ChessBase"]
[SourceDate "2017.10.06"]
[SourceVersion "1"]
[SourceVersionDate "2017.10.06"]
[SourceQuality "1"]

1. Nf3 f5 2. d4 Nf6 3. c4 g6 4. Nc3 d6 5. g3 Bg7 6. Bg2 0-0 7. 0-0 Qe8 8. Re1 Nbd7 9. b4 e5 10. dxe5 dxe5 11. Nd5 Nxd5 12. Qxd5+ Kh8 13. Bb2 Nb6 14. Qd3 Na4 15. Qc2 Nxb2 16. Qxb2 e4 17. Nd4 Be6 18. Rac1 Rd8 19. e3 Qf7 20. Bf1 g5 21. Red1 Bc8 22. Qc2 f4 23. Nb3 fxe3 24. fxe3 Rde8 25. Bg2 Bg4 26. Rf1 Bf3 27. Nd2 g4 28. Nxe4 Qe6 29. Nf2 Qxe3 30. Rce1 Qxe1 31. Rxe1 Rxe1+ 32. Bf1 Be2 33. Qxe2 Rxe2 34. Bxe2 Bd4 0-1

[Event "Lienz op 17th"]
[Site "Lienz"]
[Date "2013.02.16"]
[Round "9"]
[White "Zanon, Magnus"]
[Black "Fingerhut, Ludwig"]
[Result "1/2-1/2"]
[WhiteElo "1863"]
[BlackElo "1941"]
[PlyCount "42"]
[EventDate "2013.02.09"]
[EventType "swiss"]
[EventRounds "9"]
[EventCountry "AUT"]
[SourceTitle "CBM 152 Extra"]
[Source "ChessBase"]
[SourceDate "2013.02.25"]
[SourceVersion "1"]
[SourceVersionDate "2013.02.25"]
[SourceQuality "1"]

1. b3 e5 2. Bb2 Nc6 3. e3 d6 4. c4 Nf6 5. d3 Be7 6. g3 Be6 7. e4 Qd7 8. Bg2 0-0 9. Ne2 Bh3 10. 0-0 Bxg2 11. Kxg2 Ne8 12. Nbc3 f5 13. Nd5 Bd8 14. f3 Nf6 15. Ne3 fxe4 16. dxe4 Qf7 17. Qd2 Be7 18. Rad1 Rad8 19. Rc1 Qg6 20. Nf5 Nh5 21. Qd5+ Kh8 1/2-1/2

[Event "Lienz op 17th"]
[Site "Lienz"]
[Date "2013.02.15"]
[Round "8"]
[White "Goeslbauer, Harald"]
[Black "Zanon, Magnus"]
[Result "0-1"]
[WhiteElo "1993"]
[BlackElo "1863"]
[PlyCount "94"]
[EventDate "2013.02.09"]
[EventType "swiss"]
[EventRounds "9"]
[EventCountry "AUT"]
[SourceTitle "CBM 152 Extra"]
[Source "ChessBase"]
[SourceDate "2013.02.25"]
[SourceVersion "1"]
[SourceVersionDate "2013.02.25"]
[SourceQuality "1"]

1. d4 d5 2. Nf3 c6 3. c4 e6 4. Nc3 Nf6 5. e3 Bd6 6. Bd3 Nbd7 7. 0-0 0-0 8. b3 b6 9. Bb2 Bb7 10. Rc1 e5 11. dxe5 Nxe5 12. Bb1 Re8 13. Nxe5 Bxe5 14. cxd5 Nxd5 15. Qc2 Qh4 16. g3 Qh3 17. Nxd5 cxd5 18. Bd4 Bc8 19. Qb2 Bg4 20. f3 Bxd4 21. Qxd4 Be6 22. Rc3 Qh5 23. Qf4 d4 24. exd4 Bh3 25. Be4 Bxf1 26. Kxf1 Rac8 27. Rxc8 Rxc8 28. g4 Qb5+ 29. Kf2 Qa5 30. a4 Qc3 31. Qf5 g6 32. Qd7 Qc7 33. Qxc7 Rxc7 34. h4 Rc3 35. Bd5 Rd3 36. Bc4 Rxd4 37. Ke3 Rd6 38. g5 Kf8 39. Ke4 Ke7 40. Bd5 Rd8 41. Ke5 Rf8 42. f4 f6+ 43. gxf6+ Rxf6 44. Be4 Re6+ 45. Kd4 Kd6 46. f5 gxf5 47. Bxf5 Rh6 0-1

[Event "Vienna Husek op-A"]
[Site "Vienna"]
[Date "2012.08.13"]
[Round "1"]
[White "Lovrinovic, Christian"]
[Black "Zanon, Magnus"]
[Result "1-0"]
[WhiteElo "2148"]
[BlackElo "1861"]
[PlyCount "61"]
[EventDate "2012.08.13"]
[EventType "swiss"]
[EventRounds "7"]
[EventCountry "AUT"]
[SourceTitle "EXT 2014"]
[Source "ChessBase"]
[SourceDate "2013.11.20"]
[SourceVersion "1"]
[SourceVersionDate "2013.11.20"]
[SourceQuality "1"]

1. d4 d5 2. c4 c6 3. Nc3 Nf6 4. Nf3 e6 5. e3 Nbd7 6. Qc2 Bd6 7. b3 0-0 8. Bb2 Qe7 9. Be2 dxc4 10. bxc4 e5 11. 0-0 Re8 12. Rfe1 e4 13. Nd2 Nf8 14. f3 Qc7 15. Nf1 Bb4 16. a3 Ba5 17. Ng3 exf3 18. Bxf3 Bg4 19. e4 Bxf3 20. gxf3 Ng6 21. e5 Nd7 22. Re4 Bb6 23. c5 Nxc5 24. dxc5 Bxc5+ 25. Kh1 Rxe5 26. Rxe5 Nxe5 27. Nce4 Bf8 28. Qc3 f6 29. Rg1 Qd8 30. f4 Nd3 31. Rd1 1-0

[Event "Vienna Tschaturanga op"]
[Site "Vienna"]
[Date "2012.05.13"]
[Round "7"]
[White "Zanon, Magnus"]
[Black "Ponjican, Erich"]
[Result "0-1"]
[WhiteElo "1838"]
[BlackElo "2124"]
[PlyCount "78"]
[EventDate "2012.05.07"]
[EventType "swiss"]
[EventRounds "7"]
[EventCountry "AUT"]
[SourceTitle "CBM 148 Extra"]
[Source "ChessBase"]
[SourceDate "2012.06.22"]
[SourceVersion "1"]
[SourceVersionDate "2012.06.22"]
[SourceQuality "1"]

1. b3 d5 2. Bb2 c5 3. e3 Nc6 4. d4 cxd4 5. exd4 Nf6 6. Nd2 Bf5 7. a3 e6 8. Ngf3 Be7 9. Be2 0-0 10. 0-0 h6 11. Ne5 Qb6 12. Ndf3 Rfd8 13. Bd3 Ne4 14. Nxc6 bxc6 15. Nd2 Nd6 16. Bxf5 Nxf5 17. Nf3 Bf6 18. Qd2 Qa6 19. Ne5 Rab8 20. Rad1 Qb6 21. Rfe1 Be7 22. Qe2 c5 23. Qh5 Nd6 24. dxc5 Qxc5 25. Bd4 Qc7 26. Nxf7 Nxf7 27. Rxe6 Bf8 28. Rde1 Qd7 29. Bxg7 Bxg7 30. Re7 Qe8 31. g3 Qf8 32. Rxa7 Re8 33. Rxe8 Rxe8 34. Qxd5 Rd8 35. Qf3 Qe8 36. Qg4 Qc6 37. c4 Ng5 38. Rxg7+ Kxg7 39. h4 Qf3 0-1

[Event "Vienna Tschaturanga op-A"]
[Site "Vienna"]
[Date "2012.03.05"]
[Round "6.8"]
[White "Zsifkovits, Robert"]
[Black "Zanon, Magnus"]
[Result "1/2-1/2"]
[WhiteElo "2190"]
[BlackElo "1834"]
[PlyCount "84"]
[EventDate "2012.01.30"]
[EventType "swiss"]
[EventRounds "7"]
[EventCountry "AUT"]
[SourceTitle "EXT 2024"]
[Source "ChessBase"]
[SourceDate "2023.10.10"]
[SourceVersion "1"]
[SourceVersionDate "2023.10.10"]
[SourceQuality "1"]

1. e4 c5 2. Nf3 a6 3. g3 Nc6 4. Bg2 e5 5. 0-0 Nf6 6. Re1 Be7 7. c3 0-0 8. d4 cxd4 9. cxd4 Bb4 10. Nc3 d6 11. h3 Bd7 12. Bg5 exd4 13. Nxd4 Nxd4 14. Qxd4 Bc5 15. Qd2 Bc6 16. Rad1 Re8 17. a3 a5 18. Qf4 h6 19. Bxf6 Qxf6 20. Qxf6 gxf6 21. Bf1 Re5 22. Bc4 Rae8 23. Bd5 Kg7 24. Kf1 Bd7 25. g4 b5 26. f3 h5 27. Kg2 b4 28. axb4 Bxb4 29. Rh1 Rh8 30. Ne2 Ree8 31. Nf4 hxg4 32. hxg4 Rxh1 33. Rxh1 Rc8 34. Rf1 Bd2 35. Kg3 Rc2 36. b3 Bb5 37. Rg1 Be3 38. Ra1 Bf2+ 39. Kh3 Bd4 40. Rd1 Bc5 41. Kg3 Bf2+ 42. Kh3 Bc5 1/2-1/2

[Event "Vienna Tschaturanga op-A"]
[Site "Vienna"]
[Date "2012.02.20"]
[Round "4.7"]
[White "Granabetter, Josef"]
[Black "Zanon, Magnus"]
[Result "1-0"]
[WhiteElo "1975"]
[BlackElo "1834"]
[PlyCount "81"]
[EventDate "2012.01.30"]
[EventType "swiss"]
[EventRounds "7"]
[EventCountry "AUT"]
[SourceTitle "EXT 2024"]
[Source "ChessBase"]
[SourceDate "2023.10.10"]
[SourceVersion "1"]
[SourceVersionDate "2023.10.10"]
[SourceQuality "1"]

1. Nf3 Nf6 2. g3 d5 3. Bg2 e6 4. d3 c5 5. 0-0 Nc6 6. Nbd2 Qc7 7. e4 d4 8. Re1 e5 9. Nf1 Bg4 10. h3 Bd7 11. N1h2 Qc8 12. h4 Bd6 13. c3 Ng4 14. cxd4 cxd4 15. Bd2 0-0 16. Rc1 Be6 17. b4 Qd7 18. a3 h6 19. h5 a6 20. Nh4 Ne7 21. Nxg4 Bxg4 22. Bf3 Bxf3 23. Qxf3 Qa4 24. Bxh6 gxh6 25. Qf6 Qd7 26. Qxh6 Qe6 27. Qxe6 fxe6 28. Kg2 Kg7 29. Rh1 Rac8 30. Nf3 Rxc1 31. Rxc1 Rc8 32. Rh1 Ng8 33. g4 Rc3 34. Ng5 Kf6 35. Nf3 Rxd3 36. g5+ Kg7 37. h6+ Kh7 38. g6+ Kh8 39. g7+ Kh7 40. Ng5+ Kg6 41. h7 1-0

[Event "Vienna Tschaturanga op-A"]
[Site "Vienna"]
[Date "2012.02.06"]
[Round "2.7"]
[White "Zanon, Magnus"]
[Black "Lechner, Marcus"]
[Result "1-0"]
[WhiteElo "1834"]
[BlackElo "1968"]
[PlyCount "61"]
[EventDate "2012.01.30"]
[EventType "swiss"]
[EventRounds "7"]
[EventCountry "AUT"]
[SourceTitle "EXT 2024"]
[Source "ChessBase"]
[SourceDate "2023.10.10"]
[SourceVersion "1"]
[SourceVersionDate "2023.10.10"]
[SourceQuality "1"]

1. e4 c5 2. Na3 g6 3. f4 Bg7 4. Nf3 Nc6 5. c3 Nf6 6. e5 Nd5 7. g3 d6 8. exd6 0-0 9. dxe7 Re8 10. Bc4 Rxe7+ 11. Kf2 a6 12. Re1 b5 13. Be2 Nf6 14. Nc2 c4 15. Kg1 Qb6+ 16. Kg2 Bb7 17. d4 cxd3 18. Bxd3 Rae8 19. Rxe7 Rxe7 20. Qf1 Ng4 21. h3 h5 22. Bd2 Bf8 23. Re1 Kg7 24. Rxe7 Bxe7 25. Be1 Bc5 26. hxg4 hxg4 27. Nd2 Ne5+ 28. Be4 Nc4 29. Qe2 Nxd2 30. Bxd2 Qa7 31. Kf1 1-0